Palestrina: Musikalische Legende in drei Akten. (Record no. 5625)

MARC details
000 -CABECERA
campo de control de longitud fija 00498nam a2200193 a 4500
001 - NÚMERO DE CONTROL
campo de control BRCA_5936
005 - FECHA Y HORA DE LA ÚLTIMA TRANSACCIÓN
campo de control 20190320205252.0
008 - DATOS DE LONGITUD FIJA--INFORMACIÓN GENERAL
campo de control de longitud fija 220311s1916----gw-#######---#000-0#ger-#
041 ## - CÓDIGO DE LENGUA
Código de lengua del texto/banda sonora o título independiente ger
044 ## - CÓDIGO DEL PAÍS DE LA ENTIDAD EDITORA/PRODUCTORA
Código MARC del país gw
050 #4 - SIGNATURA TOPOGRÁFICA DE LA BIBLIOTECA DEL CONGRESO
Número de clasificación ML141
Número de documento/Ítem .P35
-- 1916
245 10 - MENCIÓN DE TÍTULO
Título Palestrina: Musikalische Legende in drei Akten.
Mención de responsabilidad, etc. Pfitzer, Hans.
260 ## - PUBLICACIÓN, DISTRIBUCIÓN, ETC.
Lugar de publicación, distribución, etc. Berlin
Nombre del editor, distribuidor, etc. Adolph Fürster
Fecha de publicación, distribución, etc. 1916
300 ## - DESCRIPCIÓN FÍSICA
Extensión 88 p.
Dimensiones 17 cm.
500 ## - NOTA GENERAL
Nota general H167
650 14 - PUNTO DE ACCESO ADICIONAL DE MATERIA--TÉRMINO DE MATERIA
Término de materia o nombre geográfico como elemento de entrada Literatura sobre música
9 (RLIN) 14994
902 ## - CATALOGADOR
Iniciales GFM
942 ## - ELEMENTOS DE PUNTO DE ACCESO ADICIONAL (KOHA)
Fuente del sistema de clasificación o colocación Library of Congress Classification
Tipo de ítem Koha Libros
Holdings
Estado de retiro Estado de pérdida Estado dañado No para préstamo Localización permanente Ubicación/localización actual Fecha de adquisición Número de inventario Total de préstamos Signatura topográfica completa Código de barras Fecha visto por última vez Precio válido a partir de Tipo de ítem Koha
El ejemplar forma parte de la colección y puede ser consultado según las políticas vigentes.       Biblioteca del Museo Franz Mayer (Rogerio Casas-Alatriste) Biblioteca del Museo Franz Mayer (Rogerio Casas-Alatriste) 22/03/2011 H167   ML141 .P35 1916 (H167) 6375 22/03/2019 22/03/2019 Libros